[Event "15th LCC Super Rapid 2025"]
[Site "London ENG"]
[Date "2025.12.07"]
[Round "9.30"]
[White "Kapechun, Mikhailo"]
[Black "Nainys, Zanas"]
[Result "0-1"]
[WhiteElo "2174"]
[BlackElo "2320"]
[WhiteFideId "34147527"]
[BlackFideId "12844098"]
[EventDate "2025.12.06"]

1. e4 e6 2. d4 d5 3. e5 c5 4. c3 Qb6 5. Nf3 Nc6 6. Bd3 cxd4 7. O-O Nh6 8. h3 Be7
9. Nbd2 Nf5 10. Nb3 dxc3 11. bxc3 O-O 12. Rb1 Qc7 13. Nbd4 Nxe5 14. Bf4 Nxf3+
15. Qxf3 Qd8 16. Nb5 Nd6 17. Qg3 Nxb5 18. Bxb5 Bd7 19. Bc7 Qe8 20. Bxd7 Qxd7 21.
Rxb7 Bf6 22. Be5 Bxe5 23. Rxd7 Bxg3 24. fxg3 f6 25. Re1 Rf7 26. Rd6 e5 27. Rxd5
Rc7 28. Red1 Rxc3 29. g4 Rc7 30. Ra5 Rb8 31. Rd3 Rb2 32. Rda3 Rcc2 33. Rxa7
Rxg2+ 34. Kh1 h5 35. gxh5 Kh7 36. h4 Rgc2 37. Rg3 Rc1+ 38. Rg1 Rxg1+ 39. Kxg1
Kh6 40. a4 Ra2 41. a5 Kxh5 42. Rxg7 Rxa5 43. Rh7+ Kg4 44. Kf2 Kf4 45. h5 Ra2+
46. Ke1 f5 47. h6 Ke3 48. Kf1 Kf3 49. Kg1 Ra6 50. Rh8 e4 51. h7 Rg6+ 52. Kf1 Rh6
53. Kg1 f4 54. Ra8 Rxh7 55. Ra2 e3 56. Rb2 Rg7+ 57. Kf1 e2+ 58. Rxe2 Rg1+ 59.
Kxg1 Kxe2 0-1

[Event "15th LCC Super Rapid 2025"]
[Site "London ENG"]
[Date "2025.12.07"]
[Round "9.31"]
[White "Balaji, Aaravamudhan"]
[Black "Kovalskyi, Roman"]
[Result "0-1"]
[WhiteTitle "IM"]
[WhiteElo "2305"]
[BlackElo "2208"]
[WhiteFideId "436224"]
[BlackFideId "14184214"]
[EventDate "2025.12.06"]

1. d4 d5 2. c4 e6 3. Nc3 c5 4. cxd5 cxd4 5. Qa4+ Bd7 6. Qxd4 exd5 7. Qxd5 Nf6 8.
Qd1 Bc5 9. Nf3 O-O 10. e3 Qe7 11. h3 Rd8 12. Bd2 Nc6 13. Bc4 Ne5 14. Nxe5 Qxe5
15. O-O Bc6 16. Qe2 Qg5 17. f4 Qxg2+ 18. Qxg2 Bxg2 19. Kxg2 Rxd2+ 20. Kf3 Rh2
21. Rh1 Rxb2 22. Na4 Rb4 23. Bxf7+ Kxf7 24. Nxc5 Rc8 25. Rac1 Rb2 26. Nd3 Rbc2
27. Ne5+ Ke6 28. Rb1 b6 29. a4 Ra2 30. Rhc1 Rxc1 31. Rxc1 Rxa4 32. Rc7 g6 33.
Rb7 Ra3 34. Rb8 Rb3 35. Nc6 Ra3 36. h4 Nd5 37. Nd4+ Kf6 38. Re8 a5 39. Re5 Nc7
40. h5 Rc3 41. Ke2 a4 42. hxg6 hxg6 43. Rg5 Rc5 44. Rg1 b5 45. e4 b4 46. Nf3 a3
47. Ne5 Ke7 48. Rxg6 a2 49. Ra6 Nxa6 0-1

[Event "15th LCC Super Rapid 2025"]
[Site "London ENG"]
[Date "2025.12.07"]
[Round "9.32"]
[White "Gurevich, Artjom"]
[Black "McPhillips, Joseph"]
[Result "0-1"]
[BlackTitle "IM"]
[WhiteElo "2163"]
[BlackElo "2388"]
[WhiteFideId "2603870"]
[BlackFideId "422487"]
[EventDate "2025.12.06"]

1. d4 Nf6 2. c4 e6 3. g3 c5 4. d5 exd5 5. cxd5 b5 6. a4 Bb7 7. Bg2 b4 8. Nh3 d6
9. O-O Be7 10. e4 Nbd7 11. a5 Ba6 12. Re1 Ne5 13. Bf1 Bxf1 14. Kxf1 c4 15. Nd2
Qd7 16. Kg2 Rc8 17. Nf3 Nd3 18. Re2 Ng4 19. Nd4 Bf6 20. Nc6 Nge5 21. Nxe5 Bxe5
22. f4 Bd4 23. Ng5 O-O 24. Nf3 Bc5 25. Ra2 Qb5 26. Be3 b3 27. Ra1 Bxe3 28. Rxe3
Nxb2 29. Qd4 Nd3 30. e5 b2 31. Rb1 Qxa5 32. Re2 Qc5 33. Qxc5 Rxc5 34. Rc2 c3 35.
Nd4 dxe5 36. fxe5 Rxd5 37. Ne2 Rxe5 38. Kf3 Rfe8 39. Rxc3 Re3+ 40. Kg4 Nf2+ 41.
Kf4 Rxe2 42. Kf3 h5 43. Rb3 Ng4 44. R3xb2 Nxh2+ 45. Kf4 R2e4+ 0-1

[Event "15th LCC Super Rapid 2025"]
[Site "London ENG"]
[Date "2025.12.07"]
[Round "9.33"]
[White "Kalavannan, Koby"]
[Black "McLachlan, Matthew"]
[Result "1-0"]
[WhiteTitle "FM"]
[WhiteElo "2275"]
[BlackElo "1959"]
[WhiteFideId "425753"]
[BlackFideId "436003"]
[EventDate "2025.12.06"]

1. Nf3 Nf6 2. b3 g6 3. Bb2 Bg7 4. g3 O-O 5. Bg2 d5 6. c4 dxc4 7. bxc4 c5 8. O-O
Nc6 9. d3 Bf5 10. Nc3 Rc8 11. Rb1 b6 12. Qa4 e5 13. Rfe1 Re8 14. Nd5 Be6 15.
Nxe5 Nxe5 16. Bxe5 Nxd5 17. Bxg7 Kxg7 18. cxd5 Bxd5 19. Bxd5 Qxd5 20. Qxa7 Ra8
21. Qxb6 Rxa2 22. Rb2 Re5 23. e4 Qa8 24. Qd6 Rh5 25. Rb8 Qa7 26. e5 Kh6 27. h4
Rf5 28. g4 1-0

[Event "15th LCC Super Rapid 2025"]
[Site "London ENG"]
[Date "2025.12.07"]
[Round "9.34"]
[White "Larchikov, Maksym"]
[Black "Makkar, Rajat"]
[Result "0-1"]
[BlackTitle "IM"]
[WhiteElo "2149"]
[BlackElo "2395"]
[WhiteFideId "34120815"]
[BlackFideId "36016810"]
[EventDate "2025.12.06"]

1. d4 d5 2. c4 c6 3. Nf3 Nf6 4. Nc3 e6 5. e3 Nbd7 6. Qc2 Bd6 7. b3 O-O 8. Be2 b6
9. O-O Bb7 10. Bb2 Qe7 11. Rad1 Rad8 12. Rfe1 Rfe8 13. e4 dxe4 14. Nxe4 Nxe4 15.
Qxe4 Ba3 16. Bxa3 Qxa3 17. Qc2 c5 18. dxc5 Qxc5 19. Qb2 e5 20. Nd2 e4 21. Nf1
Ne5 22. Qc2 f5 23. Rxd8 Rxd8 24. Rd1 Rf8 25. g3 g5 26. Ne3 f4 27. Nd5 fxg3 28.
Bh5 Rxf2 29. Qxe4 Rg2+ 0-1

[Event "15th LCC Super Rapid 2025"]
[Site "London ENG"]
[Date "2025.12.07"]
[Round "9.35"]
[White "Willow, Jonah B"]
[Black "Sommerbauer-Cornell, Ben"]
[Result "1-0"]
[WhiteTitle "IM"]
[WhiteElo "2472"]
[BlackElo "1985"]
[WhiteFideId "438804"]
[BlackFideId "494712"]
[EventDate "2025.12.06"]

1. e4 c5 2. Nf3 e6 3. d4 cxd4 4. Nxd4 a6 5. Bd3 Bc5 6. Nb3 Be7 7. c4 d6 8. Nc3
Nf6 9. O-O Nbd7 10. f4 b6 11. Qf3 Bb7 12. Be3 Qc7 13. Rae1 h5 14. Kh1 h4 15. Qh3
O-O-O 16. a4 Nc5 17. Nxc5 dxc5 18. Nd5 Nxd5 19. cxd5 Qd7 20. Be2 f5 21. dxe6
Qxe6 22. Bf3 Kb8 23. exf5 Qf6 24. Bxb7 Kxb7 25. Bf2 Rd6 26. a5 Bd8 27. Re5 Bc7
28. axb6 Rxb6 29. Rxc5 Qxb2 30. Qf3+ Kb8 31. Rxc7 Kxc7 32. Bxb6+ Qxb6 33. Qc3+ 1-0

[Event "15th LCC Super Rapid 2025"]
[Site "London ENG"]
[Date "2025.12.07"]
[Round "9.36"]
[White "Finn, Peter"]
[Black "Buckley, Graeme N"]
[Result "0-1"]
[WhiteTitle "CM"]
[BlackTitle "IM"]
[WhiteElo "2200"]
[BlackElo "2256"]
[WhiteFideId "432156"]
[BlackFideId "402265"]
[EventDate "2025.12.06"]

1. d4 Nf6 2. Nf3 e6 3. g3 b5 4. Bg2 Bb7 5. O-O c5 6. a4 b4 7. c4 cxd4 8. Nxd4
Bxg2 9. Kxg2 d5 10. Bf4 Be7 11. Nb5 Na6 12. Nd2 O-O 13. cxd5 Qxd5+ 14. Nf3 Rfd8
15. Qxd5 Nxd5 16. Bd2 Nc5 17. Nbd4 Rac8 18. a5 Ne4 19. Rfc1 Bf6 20. Be1 g5 21.
h3 h5 22. e3 g4 23. hxg4 hxg4 24. Nd2 Nc5 25. Rc4 Nd3 26. Nc6 Bxb2 27. Rb1 Rxc6
28. Rxc6 Bc3 29. Rc4 Nxe1+ 30. Rxe1 Bxd2 31. Rd1 0-1

[Event "15th LCC Super Rapid 2025"]
[Site "London ENG"]
[Date "2025.12.07"]
[Round "9.38"]
[White "Maier, Christian"]
[Black "Murawski, Jan"]
[Result "0-1"]
[WhiteTitle "IM"]
[BlackTitle "CM"]
[WhiteElo "2192"]
[BlackElo "2225"]
[WhiteFideId "4601955"]
[BlackFideId "21009287"]
[EventDate "2025.12.06"]

1. e4 e5 2. Nf3 Nc6 3. Bb5 Nf6 4. d3 Bc5 5. c3 O-O 6. O-O d6 7. h3 Ne7 8. d4 Bb6
9. Re1 Ng6 10. Bf1 h6 11. Na3 c6 12. Nc4 Bc7 13. Qc2 Re8 14. dxe5 dxe5 15. Be3
Be6 16. Rad1 Qe7 17. b4 b6 18. a4 Red8 19. g3 Rxd1 20. Rxd1 Rd8 21. Rxd8+ Qxd8
22. a5 b5 23. Nb2 a6 24. Nd2 Qc8 25. Kh2 c5 26. Bxc5 Bxa5 27. Qd3 Nd7 28. Be3
Bb6 29. c4 Bxe3 30. Qxe3 bxc4 31. Nbxc4 Qb7 32. Qc3 Ne7 33. Kg1 Nc6 34. Nd6 Qxb4
35. Qxc6 Qxd2 36. Qxa6 Nc5 37. Qb6 Nd3 38. Nf5 Bxf5 39. exf5 Ne1 40. Qe3 Qxe3
41. fxe3 Nc2 42. Kf2 Kf8 43. Bd3 Nb4 44. Be4 f6 45. h4 Ke7 46. Kf3 Na6 47. Kg4
Nc5 48. Bd5 Kd6 49. Ba8 Nd7 50. Be4 Nc5 51. Ba8 Nd3 52. Kh5 Ke7 53. Kg4 Nc5 54.
Kf3 Kd6 55. Kg4 Nd7 56. Be4 Nb6 57. Kf3 Nc4 58. Ba8 Kc5 59. Bb7 Nd6 60. Be4 Kc4
61. g4 Kc3 62. Bd5 Kd2 63. Be6 Kd3 64. Bd5 Nb5 65. Bb3 Nc3 66. g5 hxg5 67. hxg5
e4+ 68. Kg4 Kxe3 69. gxf6 gxf6 70. Kh5 Kf4 71. Kg6 Ke5 0-1

[Event "15th LCC Super Rapid 2025"]
[Site "London ENG"]
[Date "2025.12.07"]
[Round "9.39"]
[White "Allorant, Adrien"]
[Black "Dishman, Stephen"]
[Result "1/2-1/2"]
[BlackTitle "FM"]
[WhiteElo "2068"]
[BlackElo "2239"]
[WhiteFideId "658707"]
[BlackFideId "403024"]
[EventDate "2025.12.06"]

1. e4 c5 2. Nf3 g6 3. Bc4 Bg7 4. c3 e6 5. O-O d5 6. exd5 exd5 7. Bb5+ Nc6 8. d4
cxd4 9. Re1+ Ne7 10. Bg5 f6 11. Nxd4 O-O 12. Be3 Ne5 13. Nd2 a6 14. Bf1 Nf5 15.
Nxf5 Bxf5 16. Nb3 Nc4 17. Bc1 Rf7 18. Nd4 Bd7 19. g3 Re7 20. Bg2 Bc6 21. Rxe7
Qxe7 22. b3 Ne5 23. Be3 Rd8 24. h3 Nf7 25. Qe2 f5 26. Rd1 a5 27. Bf4 Qxe2 28.
Nxe2 Rd7 29. Nd4 Bxd4 30. Rxd4 g5 31. Be3 Kg7 32. a4 Kg6 33. f4 g4 34. hxg4 fxg4
35. f5+ Kh5 36. f6 Ne5 37. Rf4 Rf7 38. Rf5+ Kg6 39. Rxe5 Rxf6 40. Bxd5 Bxd5 41.
Rxd5 Rf3 42. Bf4 Rxc3 43. Rxa5 Rxb3 44. Rg5+ Kf6 45. Rxg4 Kf5 46. Rg7 Ke4 47.
Rxh7 Kf3 48. Kh2 Rb2+ 49. Kg1 Rb1+ 50. Kh2 Rb2+ 51. Kg1 Rb1+ 52. Kh2 Rb2+ 1/2-1/2

[Event "15th LCC Super Rapid 2025"]
[Site "London ENG"]
[Date "2025.12.07"]
[Round "9.40"]
[White "Silva, Lourenco Santa Clara"]
[Black "Stoyanov, Viktor"]
[Result "0-1"]
[BlackTitle "FM"]
[WhiteElo "1992"]
[BlackElo "2239"]
[WhiteFideId "1971344"]
[BlackFideId "450308"]
[EventDate "2025.12.06"]

1. e4 e5 2. Nf3 Nc6 3. Bc4 Nf6 4. d3 h6 5. Nc3 d6 6. a4 Be7 7. O-O O-O 8. h3 Be6
9. Re1 Qd7 10. Kh2 d5 11. exd5 Nxd5 12. Bd2 Nxc3 13. Bxc3 Bxc4 14. dxc4 Qf5 15.
Kg1 Rad8 16. Qe2 f6 17. g4 Qe6 18. Nh4 Bc5 19. Nf5 g6 20. Ne3 f5 21. Nd5 fxg4
22. Ne3 gxh3 23. Kh2 Rf4 24. b4 Bd4 25. Qd2 Bxc3 26. Qxc3 Rxf2+ 27. Kh1 Rdd2 28.
Rf1 Rh2+ 29. Kg1 Qg4+ 30. Nxg4 Rdg2# 0-1

[Event "15th LCC Super Rapid 2025"]
[Site "London ENG"]
[Date "2025.12.07"]
[Round "9.41"]
[White "Abhyuday, Santhosh"]
[Black "Eggink, Mateusz"]
[Result "1-0"]
[WhiteTitle "CM"]
[WhiteElo "2094"]
[BlackElo "2119"]
[WhiteFideId "25624849"]
[BlackFideId "1135490"]
[EventDate "2025.12.06"]

1. e4 c5 2. Nf3 e6 3. b3 Nc6 4. Bb2 a6 5. c4 d6 6. d4 cxd4 7. Nxd4 Bd7 8. Be2
Nf6 9. Nc3 Be7 10. O-O O-O 11. Kh1 Rc8 12. f4 Qb6 13. Nxc6 Bxc6 14. Bf3 Rfd8 15.
Qe2 Qa5 16. Rae1 Re8 17. a3 b5 18. b4 Qb6 19. e5 Nd7 20. exd6 Bxf3 21. Qxf3 Qxd6
22. Rd1 Qc7 23. cxb5 Nb8 24. bxa6 Nxa6 25. Rc1 Qb6 26. f5 Bf6 27. Na4 Qb5 28.
Bxf6 Rxc1 29. Rxc1 gxf6 30. Nc5 exf5 31. Qxf5 Nxc5 32. Qxc5 Qd3 33. b5 h5 34.
Qxh5 Re5 35. Rc8+ Kg7 1-0

[Event "15th LCC Super Rapid 2025"]
[Site "London ENG"]
[Date "2025.12.07"]
[Round "9.42"]
[White "Dupuis, Denis K"]
[Black "Hanache, Kai"]
[Result "1-0"]
[WhiteElo "2005"]
[BlackElo "2122"]
[WhiteFideId "452980"]
[BlackFideId "490105"]
[EventDate "2025.12.06"]

1. e4 c5 2. Nc3 Nc6 3. Bb5 Nd4 4. Nf3 a6 5. Bd3 g6 6. Rb1 Nc6 7. a3 Bg7 8. b4 d6
9. bxc5 dxc5 10. Na4 c4 11. Bxc4 b5 12. Bd5 Qc7 13. Nc5 Nf6 14. Bb2 O-O 15. Ba2
Bg4 16. d3 Bxf3 17. gxf3 b4 18. Qd2 bxa3 19. Bc3 Ne5 20. Bxe5 Qxe5 21. d4 Qh5
22. e5 Qxf3 23. exf6 exf6 24. Rg1 Rab8 25. Rxb8 Rxb8 26. Qd3 Qf4 27. Kf1 f5 28.
Bxf7+ Kh8 29. Ne6 Qc1+ 30. Kg2 Qxg1+ 31. Kxg1 a2 32. Qxa6 Bxd4 33. Qxa2 Bf6 34.
Qa7 Rc8 35. c4 f4 36. Nxf4 Be5 37. Qe7 Bd4 38. Bxg6 Bg7 39. Ne6 Rg8 40. Nxg7
Rxg7 41. Qxg7+ Kxg7 42. Bd3 h5 43. Kg2 Kf6 44. Kf3 Ke5 45. Ke3 h4 46. f4+ Ke6
47. Ke4 Kf6 48. f5 Kf7 49. Ke5 Ke7 50. f6+ Kf7 51. Bg6+ Kf8 52. c5 h3 53. c6 Kg8
54. c7 Kf8 55. c8=R# 1-0

[Event "15th LCC Super Rapid 2025"]
[Site "London ENG"]
[Date "2025.12.07"]
[Round "9.43"]
[White "Vaidyanathan, Adithya"]
[Black "Ward, Cian"]
[Result "1-0"]
[WhiteElo "2129"]
[BlackElo "1909"]
[WhiteFideId "495450"]
[BlackFideId "475599"]
[EventDate "2025.12.06"]

1. d4 e6 2. c4 Nf6 3. Nc3 Bb4 4. f3 d5 5. a3 Bxc3+ 6. bxc3 O-O 7. e3 Re8 8. cxd5
exd5 9. Bd3 c5 10. Ne2 b6 11. O-O Ba6 12. g4 Bxd3 13. Qxd3 h6 14. Ng3 Nc6 15.
Ra2 Ne7 16. h4 cxd4 17. exd4 Qd6 18. Rg2 Ng6 19. Nf5 Qc7 20. Qd2 Nh7 21. h5 Ne7
22. Nxg7 Kxg7 23. Qxh6+ Kg8 24. Bf4 Qc6 25. g5 Qxh6 26. gxh6+ Kh8 27. Rg7 Rg8
28. Rxg8+ Kxg8 29. Re1 Nc6 30. Kf2 f6 31. Re6 Rc8 32. Rd6 Ne7 33. Rd7 Nf5 34.
Rxd5 Ne7 35. Rd7 Nf5 36. Rxa7 Rxc3 37. Ra8+ Kf7 38. Rh8 Nf8 39. h7 Rc8 40. h6
Ne7 41. Rg8 Nxh7 42. Rg7+ Ke8 43. Rxh7 Nf5 44. Rh8+ 1-0

[Event "15th LCC Super Rapid 2025"]
[Site "London ENG"]
[Date "2025.12.07"]
[Round "9.44"]
[White "Udovenko, Daniel"]
[Black "Shafi, Declan"]
[Result "1-0"]
[WhiteElo "1927"]
[BlackElo "2162"]
[WhiteFideId "30957508"]
[BlackFideId "2405156"]
[EventDate "2025.12.06"]

1. d4 Nf6 2. c4 e6 3. Nf3 d5 4. Nc3 Be7 5. Bf4 O-O 6. e3 c5 7. Be2 Nc6 8. O-O a6
9. dxc5 Bxc5 10. cxd5 exd5 11. h3 d4 12. exd4 Nxd4 13. Nxd4 Qxd4 14. Qxd4 Bxd4
15. Bf3 Be6 16. Bxb7 Ra7 17. Bf3 Rc8 18. Rfc1 Rd7 19. Ne2 Rxc1+ 20. Rxc1 Bb6 21.
Rc8+ Rd8 22. Rc6 Rd1+ 23. Kh2 Bxf2 24. Rxa6 h6 25. Nc3 Ra1 26. a4 g5 27. Ra8+
Kh7 28. Be5 Nd7 29. Rh8+ Kg6 30. Rg8+ Kf5 31. Bc7 Nf6 32. g4+ Nxg4+ 33. hxg4+
Kf6 34. Ne4+ 1-0

[Event "15th LCC Super Rapid 2025"]
[Site "London ENG"]
[Date "2025.12.07"]
[Round "9.45"]
[White "Josse, Mark"]
[Black "Vaidyanathan, Sathya"]
[Result "1-0"]
[WhiteTitle "CM"]
[WhiteElo "2107"]
[BlackElo "1785"]
[WhiteFideId "414476"]
[BlackFideId "490539"]
[EventDate "2025.12.06"]

1. c4 e6 2. Nc3 Nf6 3. e4 d5 4. e5 Nfd7 5. d4 c6 6. f4 dxc4 7. Bxc4 b5 8. Bb3 a5
9. Nf3 a4 10. Bc2 Be7 11. O-O O-O 12. Ng5 g6 13. Qg4 h6 14. Nf3 h5 15. Qg3 Kg7
16. Be3 Nb6 17. Ne4 Nd5 18. Bd2 Na6 19. Rad1 c5 20. Neg5 Qe8 21. Kh1 cxd4 22.
Nxd4 Bc5 23. Bc1 Bd7 24. f5 exf5 25. Nxf5+ Bxf5 26. Rxf5 Ndb4 27. Bb1 Rd8 28.
Rdf1 Rd7 29. e6 Re7 30. Qe5+ Kh6 31. Nxf7+ Kh7 32. Rxh5+ 1-0

[Event "15th LCC Super Rapid 2025"]
[Site "London ENG"]
[Date "2025.12.07"]
[Round "9.46"]
[White "Bonn, Thomas"]
[Black "Cann, Arthur"]
[Result "1-0"]
[WhiteElo "2090"]
[BlackElo "1734"]
[WhiteFideId "638242"]
[BlackFideId "343419550"]
[EventDate "2025.12.06"]

1. e4 c6 2. d4 d5 3. e5 c5 4. dxc5 Nc6 5. Nf3 Bg4 6. c3 a5 7. Bb5 Bxf3 8. Qxf3
e6 9. b4 Ne7 10. O-O Ng6 11. Nd2 Nxe5 12. Qg3 Ng6 13. Nb3 axb4 14. cxb4 Be7 15.
Na5 Qc8 16. Bb2 O-O 17. Nxc6 bxc6 18. Bd3 Qb8 19. a3 Qxg3 20. hxg3 f5 21. f4 Kf7
22. Kf2 Rfe8 23. Ke3 Nf8 24. Bd4 Nd7 25. a4 Reb8 26. Rfb1 Bf6 27. b5 cxb5 28.
axb5 Rxa1 29. Rxa1 Nxc5 30. Ra7+ Nb7 31. Bb6 Be7 32. Ke2 Nd8 33. Bc7 Rc8 34. Bd6
Kg6 35. Rxe7 Nf7 36. Rxe6+ Kh5 37. Kd2 g6 38. Be2+ Kh6 39. Bb4 Ra8 40. b6 d4 41.
b7 Rb8 42. Rb6 Nd8 43. Bf8# 1-0

[Event "15th LCC Super Rapid 2025"]
[Site "London ENG"]
[Date "2025.12.07"]
[Round "9.47"]
[White "Porras Mateo, Felipe"]
[Black "Terler, Bohdan"]
[Result "1/2-1/2"]
[WhiteTitle "FM"]
[WhiteElo "2356"]
[BlackElo "2082"]
[WhiteFideId "2279193"]
[BlackFideId "34102264"]
[EventDate "2025.12.06"]

1. e4 c6 2. d4 d5 3. Nc3 dxe4 4. Nxe4 Nf6 5. Nxf6+ exf6 6. Bc4 Bd6 7. Ne2 O-O 8.
O-O Bg4 9. Qd3 Bh5 10. Bb3 Nd7 11. Ng3 Bg6 12. Qf3 Qc7 13. Be3 Rfe8 14. Rfe1 b5
15. a4 a6 16. axb5 axb5 17. Bd2 Rxa1 18. Rxa1 c5 19. Ra8 Rf8 20. Ba5 Nb6 21.
Rxf8+ Bxf8 22. dxc5 Qxc5 23. Bxb6 Qxb6 24. h4 Qc5 25. c3 h5 26. Ne2 Bd6 27. Qa8+
Kh7 28. Qd5 Qb6 29. Nd4 Bc5 30. Bd1 f5 31. Bc2 Bxd4 32. cxd4 Qc7 33. Qc5 Qf4 34.
g3 Qc1+ 35. Kg2 Qxb2 36. Bxf5 b4 37. Bxg6+ fxg6 38. d5 b3 39. d6 Qd2 40. Qb5 b2
41. d7 b1=Q 42. Qxb1 Qxd7 43. Qe4 Qf5 1/2-1/2

[Event "15th LCC Super Rapid 2025"]
[Site "London ENG"]
[Date "2025.12.07"]
[Round "9.49"]
[White "Amoako Philip Selikem Yao"]
[Black "Verbytski, Oleg"]
[Result "0-1"]
[WhiteElo "1934"]
[BlackElo "2092"]
[WhiteFideId "12602256"]
[BlackFideId "495506"]
[EventDate "2025.12.06"]

1. e4 c5 2. Nc3 e6 3. g3 Nc6 4. Bg2 Nf6 5. Nge2 Be7 6. d3 d5 7. exd5 exd5 8. h3
O-O 9. O-O Be6 10. d4 Qd7 11. Kh2 c4 12. Re1 Rfe8 13. Nf4 Rab8 14. Nce2 b5 15.
Ng1 b4 16. Nf3 Bd6 17. Ne5 Qc7 18. Nxe6 fxe6 19. f4 Nd7 20. Be3 Ne7 21. Bf2 Nf8
22. Qg4 Nf5 23. Rad1 a5 24. h4 a4 25. h5 b3 26. axb3 cxb3 27. cxb3 Rxb3 28. Nd3
Qf7 29. Qe2 Rc8 30. Nc5 Nxd4 31. Rxd4 Bxc5 32. Rxa4 Bxf2 33. Qxf2 Qxh5+ 34. Kg1
Rcb8 35. Re2 Kh8 36. Ra7 Qg6 37. Kh2 Qf6 38. Ra2 Qh6+ 39. Kg1 Qg6 40. Kh2 Qb1
41. Ra7 Rxb2 42. Qd4 R2b7 43. Ra1 Qg6 44. Rae1 Rb3 45. Qf2 Rc3 46. Re3 Rxe3 47.
Qxe3 Qh5+ 48. Kg1 Rd8 49. Qd4 Qg6 50. Kh2 Qf6 51. Qe3 g6 52. Bh3 Kg7 53. Qa7+
Rd7 54. Qb6 Kf7 55. Re2 d4 56. Qc6 Qe7 57. Rd2 Qd6 58. Qe4 Qd5 59. Qd3 Rd6 60.
Bg2 Qc5 61. Rc2 Qb6 62. Rd2 Nd7 63. Qc4 Qc5 64. Qe2 Nf6 65. Bf3 Qc3 66. Rd3 Qc5
67. Qd2 e5 68. fxe5 Qxe5 69. Qa2+ Kg7 70. Qc4 Rd7 71. Kg2 Ne4 72. Bg4 Rd6 73.
Qc7+ Kh6 74. Qf7 Rf6 75. Qc4 Rf2+ 76. Kg1 Rd2 77. Qc1 Qg5 78. Rxd2 Nxd2 79. Qc8
Qe3+ 80. Kg2 Qe4+ 81. Kh2 Nf3+ 82. Kh3 Ng5+ 83. Kh2 Qe7 84. Qc4 Qf6 85. Qe2 Nf7
86. Qd2+ Kg7 87. Kg2 Qc6+ 88. Kh2 Qc3 89. Qf4 d3 90. Bd1 Qe1 91. Qf3 Ne5 92.
Qb7+ Kh6 93. Qb3 Qf2+ 94. Kh3 Qg1 95. g4 Qe3+ 96. Kg2 Qd2+ 97. Kh3 Qf4 98. Qa4
Qxa4 99. Bxa4 d2 100. Kg3 Nd3 101. Kf3 Nb2 102. Bc2 d1=Q+ 103. Bxd1 Nxd1 104.
Ke2 Kg5 105. Kxd1 Kxg4 106. Ke2 Kh3 107. Kf1 Kh2 108. Kf2 g5 109. Kf3 h5 0-1

[Event "15th LCC Super Rapid 2025"]
[Site "London ENG"]
[Date "2025.12.07"]
[Round "9.50"]
[White "Zapolskis, Antanas"]
[Black "Patel, Zain"]
[Result "1-0"]
[WhiteTitle "IM"]
[WhiteElo "2215"]
[BlackElo "2033"]
[WhiteFideId "12800210"]
[BlackFideId "469246"]
[EventDate "2025.12.06"]

1. e4 e5 2. Nf3 Nc6 3. Bc4 Nf6 4. d4 exd4 5. e5 d5 6. Bb5 Nd7 7. O-O Be7 8. c3
dxc3 9. Nxc3 O-O 10. Qxd5 Nc5 11. Bxc6 bxc6 12. Qxd8 Rxd8 13. Be3 Bg4 14. Nd4
Bd7 15. Rfd1 Ne6 16. Nf5 Bf8 17. Ne4 c5 18. Nh6+ gxh6 19. Nf6+ Kh8 20. Nxd7 Bg7
21. f4 Bf8 22. Nxf8 Rxd1+ 23. Rxd1 Rxf8 24. b3 Kg7 25. Rd5 Kg6 26. g4 f5 27.
exf6 Kxf6 28. Bxc5 Re8 29. Rf5+ Kg7 30. Kf2 a6 31. Bb4 Rd8 32. Bc3+ Kg8 33. Rf6
Nc5 34. Rc6 Nd3+ 35. Ke3 Nc1 36. Bd4 Re8+ 37. Kd2 Nxa2 38. Rxc7 Rd8 39. Ke3 Nb4
40. Ke4 Re8+ 41. Be5 Re6 42. f5 Rb6 43. Bd4 Rb5 44. Rg7+ Kf8 45. Rxh7 Nc6 46.
Rxh6 Nb8 47. Rb6 Kf7 48. g5 Nd7 49. Rxb5 axb5 50. g6+ Kg8 51. Kd5 b4 52. Kd6 Nf8
53. Ke7 Nxg6+ 54. Ke8 Nf4 55. f6 Ne6 56. f7+ 1-0

[Event "15th LCC Super Rapid 2025"]
[Site "London ENG"]
[Date "2025.12.07"]
[Round "9.51"]
[White "Viswanath, Ganesh"]
[Black "Walker, Samuel A"]
[Result "1/2-1/2"]
[WhiteElo "1990"]
[BlackElo "2047"]
[WhiteFideId "3205738"]
[BlackFideId "412813"]
[EventDate "2025.12.06"]

1. Nf3 g6 2. c4 c5 3. g3 Bg7 4. Bg2 Nc6 5. O-O e6 6. Nc3 Nge7 7. e3 O-O 8. d4
cxd4 9. exd4 d5 10. cxd5 Nxd5 11. Bg5 Qb6 12. Na4 Qa5 13. Bd2 Qc7 14. Rc1 Qd6
15. Nc3 Nxc3 16. bxc3 Bd7 17. Bf4 Qa3 18. Qb3 Qxb3 19. axb3 Rac8 20. Nd2 b5 21.
Ne4 e5 22. dxe5 Nxe5 23. Nd6 Rb8 24. Rfd1 Be6 25. c4 a6 26. h3 h6 27. Be3 bxc4
28. bxc4 Rfd8 29. Ba7 Rb3 30. c5 Nd3 31. Rb1 Rxb1 32. Rxb1 Bd4 33. Nb7 Ra8 34.
Bb6 Bxf2+ 35. Kh2 Rc8 36. c6 Bxb6 37. Rxb6 Ne5 38. Rxa6 Bc4 39. Rb6 Rc7 40. Nd6
Be6 41. Nb5 Rc8 42. c7 Nd7 43. Rxe6 fxe6 44. Bb7 Nb6 45. Bxc8 Nxc8 46. Kg2 Kf7
47. Kf3 Ke7 48. Ke4 Kd7 49. Ke5 Kc6 50. Nd4+ Kxc7 51. Nxe6+ Kd7 52. Nf8+ Ke7 53.
Nxg6+ Kf7 54. Nf4 Ne7 55. h4 Nc6+ 56. Kf5 Ne7+ 57. Kg4 Kg7 58. Ng2 Ng8 59. Ne3
Kg6 60. h5+ Kh7 61. Kf5 Ne7+ 62. Ke6 Nc6 63. g4 Nd4+ 64. Kf6 Nf3 65. Nc4 Ng5 66.
Ne5 Ne4+ 67. Kf7 Ng5+ 68. Kf6 Ne4+ 69. Kf7 1/2-1/2

[Event "15th LCC Super Rapid 2025"]
[Site "London ENG"]
[Date "2025.12.07"]
[Round "9.52"]
[White "Burke, John S"]
[Black "Yu, Rock"]
[Result "0-1"]
[WhiteElo "1933"]
[BlackElo "2055"]
[WhiteFideId "404322"]
[BlackFideId "489000"]
[EventDate "2025.12.06"]

1. d4 Nf6 2. Nf3 d5 3. Bf4 c5 4. e3 Nc6 5. c3 Qb6 6. Qb3 c4 7. Qc2 Bf5 8. Qc1 h6
9. h3 e6 10. Nbd2 Qd8 11. Be2 Bd6 12. Bxd6 Qxd6 13. O-O O-O 14. Bd1 b5 15. Bc2
a5 16. Re1 Ne4 17. Nxe4 Bxe4 18. Bxe4 dxe4 19. Nd2 f5 20. b3 cxb3 21. axb3 e5
22. f3 exf3 23. Nxf3 e4 24. Nd2 Kh8 25. Qd1 Ne7 26. Qe2 Nd5 27. Rec1 b4 28. cxb4
axb4 29. Nc4 Qg3 30. Qf2 Qg5 31. h4 Qf6 32. Ne5 Rxa1 33. Rxa1 Qe6 34. Qg3 Rc8
35. h5 Qb6 36. Rf1 Qf6 37. Ra1 Nc3 38. Qg6 Qxg6 39. Nxg6+ Kh7 40. Kf2 Nd5 41.
Ra2 Nf6 42. Nf4 Ng4+ 43. Kg3 Nxe3 44. Ra4 Rc3 45. Kh2 Ng4+ 0-1